00622nam a2200253Ia 4500008004000000020001800040041000800058082001300066100001600079245010000095260004100195300001200236650000900248650001400257650000800271650001300279650001200292650001500304650000700319650000800326650001100334650001400345650000900359210210b2016 xxu||||| |||| 00| 0 eng d a9789352533046 aeng a540 MADC aMADAN (R L) aChemistry for degree students: physical chemistry organic chemistry laboratory work B.Sc Sem II aNew DelhibS. Chand & Co. Ltd.c2016 axii,427 awork astudents: aSem aphysical aorganic alaboratory aII afor adegree aChemistry aB.Sc